书目信息 |
| 题名: |
精彩职教 春花秋实
|
|
| 作者: | 《精彩职教 春花秋实》编写组 主编 | |
| 分册: | ||
| 出版信息: | 南京 江苏凤凰教育出版社 2015.7 |
|
| 页数: | 200页 | |
| 开本: | 26cm | |
| 丛书名: | ||
| 单 册: | ||
| 中图分类: | G719.2-53 , G719.2 | |
| 科图分类: | ||
| 主题词: | 职业教育--南京市--文集 | |
| 电子资源: | ||
| ISBN: | 978-7-5499-5298-4 | |
| 000 | 00909nam0 2200229 450 | |
| 001 | 2333440633 | |
| 005 | 20231210091752.42 | |
| 010 | @a978-7-5499-5298-4@d39.80CNY | |
| 100 | @a20100823d2010 em y0chiy0110 ea | |
| 101 | 0 | @achi |
| 102 | @aCN@b320000 | |
| 105 | @ay z 000yy | |
| 200 | 1 | @a精彩职教 春花秋实@Ajing cai zhi jiao chun hua qiu shi@f《精彩职教 春花秋实》编写组主编 |
| 210 | @a南京@c江苏凤凰教育出版社@d2015.7 | |
| 215 | @a200页@d26cm | |
| 330 | @a为充分发挥南京市教学成果奖获奖成果的示范作用,集选南京市优秀教学成果汇编成册。每篇申报报告包括教学成果的简介、内容、主要创新点、主要应用,让更多学校和教师积极实践,体现出教学成果的真正价值。 | |
| 606 | 0 | @a职业教育@x南京市@j文集 |
| 690 | @aG719.2-53@v5 | |
| 690 | @aG719.2@v4 | |
| 701 | 0 | @a《精彩职教 春花秋实》编写组@Ajing cai zhi jiao chun hua qiu shi bian xie zu@4主编 |
| 801 | 0 | @aCN@b辽宁北配@c20231205 |
| 905 | @aBZT@dG719.2@e32 | |
| 精彩职教 春花秋实/《精彩职教 春花秋实》编写组主编.-南京:江苏凤凰教育出版社,2015.7 |
| 200页;26cm |
| ISBN 978-7-5499-5298-4:39.80CNY |
| 为充分发挥南京市教学成果奖获奖成果的示范作用,集选南京市优秀教学成果汇编成册。每篇申报报告包括教学成果的简介、内容、主要创新点、主要应用,让更多学校和教师积极实践,体现出教学成果的真正价值。 |
| ● |
| 相关链接 |
|
|
|
正题名:精彩职教 春花秋实
索取号:G719.2/32
 
预约/预借
| 序号 | 登录号 | 条形码 | 馆藏地/架位号 | 状态 | 备注 |
| 1 | 2001564083 | 2001564083 | 辽三/辽宁北配(第三批)/1435/ [索取号:G719.2/32] | 在馆 | |
| 2 | 2001564084 | 2001564084 | 辽三/辽宁北配(第三批)/1435/ [索取号:G719.2/32] | 在馆 | |
| 3 | 2001564085 | 2001564085 | 辽三/辽宁北配(第三批)/1435/ [索取号:G719.2/32] | 在馆 | |
| 4 | 2001564086 | 2001564086 | 辽三/辽宁北配(第三批)/1435/ [索取号:G719.2/32] | 在馆 | |
| 5 | 2001564087 | 2001564087 | 辽三/辽宁北配(第三批)/1435/ [索取号:G719.2/32] | 在馆 | |
| 6 | 2001564088 | 2001564088 | 辽三/辽宁北配(第三批)/1435/ [索取号:G719.2/32] | 在馆 | |
| 7 | 2001564089 | 2001564089 | 辽三/辽宁北配(第三批)/1435/ [索取号:G719.2/32] | 在馆 | |
| 8 | 2001564090 | 2001564090 | 辽三/辽宁北配(第三批)/1435/ [索取号:G719.2/32] | 在馆 | |
| 9 | 2001564091 | 2001564091 | 辽三/辽宁北配(第三批)/1435/ [索取号:G719.2/32] | 在馆 | |
| 10 | 2001564092 | 2001564092 | 辽三/辽宁北配(第三批)/1435/ [索取号:G719.2/32] | 在馆 | |
| 11 | 2001564093 | 2001564093 | 辽三/辽宁北配(第三批)/1435/ [索取号:G719.2/32] | 在馆 | |
| 12 | 2001564094 | 2001564094 | 辽三/辽宁北配(第三批)/1435/ [索取号:G719.2/32] | 在馆 | |
| 13 | 2001564095 | 2001564095 | 辽三/辽宁北配(第三批)/1435/ [索取号:G719.2/32] | 在馆 | |
| 14 | 2001564096 | 2001564096 | 辽三/辽宁北配(第三批)/1435/ [索取号:G719.2/32] | 在馆 | |
| 15 | 2001564097 | 2001564097 | 辽三/辽宁北配(第三批)/1435/ [索取号:G719.2/32] | 在馆 | |
| 16 | 2001564098 | 2001564098 | 辽三/辽宁北配(第三批)/1435/ [索取号:G719.2/32] | 在馆 | |
| 17 | 2001564099 | 2001564099 | 辽三/辽宁北配(第三批)/1435/ [索取号:G719.2/32] | 在馆 | |
| 18 | 2001564100 | 2001564100 | 辽三/辽宁北配(第三批)/1435/ [索取号:G719.2/32] | 在馆 | |
| 19 | 2001564101 | 2001564101 | 辽三/辽宁北配(第三批)/1435/ [索取号:G719.2/32] | 在馆 |